000 00291nam a22001217a 4500
008 181217b xxu||||| |||| 00| 0 eng d
041 _aeng
080 _a038
100 _a23
101 _aFJA
245 _aThe doubleday Roget's Thesaurus in Dictionary Form
_cLandau, S.I
942 _2udc
_cBK
999 _c53251
_d53251